Superman (1978) Characters - Statistics

General Stats
  • This quiz has been taken 14 times
  • The average score is 11 of 19
Answer Stats
Hint Answer % Correct
Gene Hackman Lex Luthor
100%
Margot Kidder Lois Lane
100%
Christopher Reeve Superman/ Clark Kent/ Kal-El
100%
Marc McClure Jimmy Olsen
92%
Jackie Cooper Perry White
85%
Marlon Brando Jor-El
77%
Ned Beatty Otis
77%
Terence Stamp General Zod
69%
Sarah Douglas Ursa
69%
Jack O'Holleran Non
62%
Susannah York Lara
54%
Glenn Ford Pa Kent
54%
Phyllis Thaxter Ma Kent
46%
Valerie Perrine Eve Tessmacher
38%
Diane Sherry Case Lana Lang
31%
Noel Neill Ella Lane
15%
John Ratzenburger 1st Controller
8%
Kirk Alyn General Sam Lane
8%
Richard Donnor Man in Street
8%
No matching quizzes found
Score Distribution
Percent of People with Each Score
Percentile by Number Answered
Your Score History
You have not taken this quiz